000 00764nam a2200205Ia 4500
005 20260121110118.0
008 008 260114s9999 xx 000 0 hin d
020 _a9788132360810
037 _aEBOOK
040 _aCRL
_bhin
_cCRL
041 _ahin
_2hin
084 _qCRL
100 _aकामता मौर्य / Kamta Maurya
_9942199
245 0 _a20वीं सदी का भारत: शिक्षा, समाज, राजनीति एवं साहित्य / 20vi Sadi ka Bharat: Shiksha, Samaj, Rajneeti aur Sahitya
260 _bभाषा प्रकाशन / Bhasha Prakashan
_c2021
856 _uhttps://bhashaprakashan.com/product-details/379032
942 _cEBOOK
999 _c1533864
_d1533864